| 000 | 00479nam a2200181Ia 4500 | ||
|---|---|---|---|
| 003 | GCL | ||
| 008 | 140319s9999 xx 000 0 ara d | ||
| 040 |
_aGCL / _cGCL |
||
| 082 | 0 | 4 |
_a329.02 _bج ن |
| 100 | 1 | _aجمال سليم | |
| 245 | 1 | 0 |
_aالناصرية الجديدة / _cجمال سليم |
| 260 |
_a[S.N] : _bمكتبة مدبولى |
||
| 300 | _a166 ص | ||
| 490 | _a | ||
| 650 | 0 | 4 | _aالسياسة |
| 650 | 0 | 4 | _aالاحزاب السياسية |
| 942 |
_2ddc _cBK |
||
| 999 |
_c44634 _d44634 |
||